00329nam a2200121Ia 4500008004100000041000800041082001400049100002100063245003800084260004400122300003000166365001100196240624s9999 xx 000 0 und d aeng a658.5 ALL aALLEN KATHLEEN R aBRINGING NEW TECHNOLOGY TO MARKET c2005aNew DelhibPrentice-Hall of India axv, : 367 : p. : cm. ; 23 cRSb35